000 00895nam a2200265Ia 4500
003 OSt
005 20220925205002.0
006 a|||||r|||| 00| 0
007 ta
008 220923b |||||||| |||| 00| 0 eng d
020 _a10:0754639789
_c6408.00
037 _b330, 17/11/2006, SHUBHAM BOOK SUPPLIER
_cGeneral Book
040 _aRTL
_cRTL
_beng
041 _2eng
_aeng
082 _aU44.N0<--J0, P6
100 _aGerber James Ed.
_9269393
245 0 _aAgriculture and rural connections in the Pacific,
260 _aHampshire
_bAshgate
_c2006
300 _axxxvi, 387p
_ccm.
490 _aPacific World: Lands, Peoples and History of the Pacific 1500-1900, 13
650 _aGeography
700 _a Guang Lei
_9269394
942 _hU44.N0<--J0, P6
_cGB
_2CC
999 _c550924
_d550924